Responses for show #2956 - Monday, June 9, 1997

Wes Ulm game 4.

Contestants

John Nauss, a state filings analyst from Seattle, Washington

Lisa McLendon, a graduate student from Austin, Texas

Wes Ulm, a medical student from Alexandria, Virginia (whose 3-day cash winnings total $47,001)

Jeopardy! Round responses

THE REVOLUTIONARY WAR
BUSINESS & INDUSTRY
SINGERS
FISH
POLITICAL TERMS
"SAINT"LY CITIES
    $100 6
Benedict Arnold

Wes
    $100 28
Johnson & Johnson

Wes
    $100 5
Bruce Springsteen

Wes
    $100 8
Seahorse

Lisa
    $100 11
1st Amendment

Wes
    $100 21
Saint Petersburg

Wes
    $200 1
Quebec

Wes
    $200 22
Hewlett-Packard

John
    $200 9
Liza Minnelli

John
    $200 27
Salmon

Wes
    $200 19
Martial Law

Wes
    $200 7
Saint Andrews

John
    $300 2
(J: Who is Cornwallis?)

Marquis de Lafayette

WesJohn
    $300 10
Dannon

Lisa
    $300 15
Stevie Wonder

Wes
    $300 20
the lamprey

Wes
    $300 18
Amnesty

Wes
    $300 12
Saint Paul

Lisa
    $400 3
Sons of Liberty

Wes
    $400 23
Gillette

Lisa
    $400 29
Anne Murray

Triple Stumper
    $400 25
(J: What is a bass?)

Tuna

WesJohn
    $400 16
Sign/Ratify the treaty

John
    $400 13
Saint Moritz

Wes
    $500 4
Brown

Lisa
    $500 24
(we have less than a minute to go...)

Wal-Mart

John
    $500 30
Marie Osmond

John
    $500 26
Cod

John
    $500 17
Ranking

Triple Stumper
    $500 14
Saint Louis

Lisa

Scores at the first commercial break (after clue 13):

Wes Lisa John
$1,600 $1,200 $100

Scores at the end of the Jeopardy! Round:

Wes Lisa John
$3,500 $2,100 $1,800

Double Jeopardy! Round responses

WORLD HISTORY
19TH CENTURY OPERA
ANNUAL EVENTS
CLOTHING MATERIAL
BASEBALL MOVIES
AMERICAN NOVELS
    $200 22
Pope John Paul II

Wes
    $200 8
Solomon

Wes
    $200 23
St. Patrick's Day

Lisa
    $200 26
PVC

John
    $200 13
Tom Selleck

Lisa
    $200 12
"The Last Of The Mohicans"

Lisa
    $400 1
Egypt

John
    $400 17
Sleepwalking

Wes
    $400 16
Hiawatha

Lisa
    $400 30
Velcro

Lisa
    $400 14
"A League Of Their Own"

Wes
    $400 4
"The Accidental Tourist"

Wes
    $600 2
Wilhelmina

Triple Stumper
    $600 15
Jean Sibelius

Wes
    $600 18
Utah

Lisa
    $600 29
Straw

Wes
    $600 19
"Bull Durham"

Wes
    $1,400 5
"A Connecticut Yankee In King Arthur's Court"

Wes
    $800 3
Uruguay

Wes
    $800 9
"La Traviata"

Wes
    $800 20
Tennessee

Wes
    $800 28
(J: What is a cardigan?)

Jersey

John
Triple Stumper
    $800 24
Angels in the Outfield

John
    $800 6
Ernest Hemingway

Wes
    $1000 10
Carlota

Triple Stumper
    $1000 11
Hector Berlioz

Wes
    $900 21
Take their daughters to work with them

Wes
    $1000 27
Worsted Wool

Lisa
    $1000 25
"The Natural"

Wes
    $1000 7
"A Separate Peace"

Lisa

Scores at the end of the Double Jeopardy! Round:

Wes Lisa John
$14,400 $6,100 $2,400
(lock game)

[wagering suggestions for these scores]

Final Jeopardy! Round responses

AFRICA
JohnWhat is Angola?
$1,000
LisaWhat is Somalia?
$1,200
WesWhat is Angola
$1,800
Angola

Final scores:

Wes Lisa John
$16,200 $4,900 $3,400
4-day champion: $63,201 2nd place: Broyhill Country Level Recliner & Stiffel Lamps 3rd place: Daewoo TV & VCR

Game dynamics:

Coryat scores:

Wes Lisa John
$13,700 $6,100 $2,400
31 R
(including 3 DDs),
0 W
14 R,
0 W
10 R,
3 W

Combined Coryat: $22,200

The J! Archive is created by fans, for fans. The Jeopardy! game show and all elements thereof, including but not limited to copyright and trademark thereto, are the property of Jeopardy Productions, Inc. and are protected under law. This website is not affiliated with, sponsored by, or operated by Jeopardy Productions, Inc. Join the discussion at JBoard.tv.